| 000 | 00572nam a2200181Ia 4500 | ||
|---|---|---|---|
| 008 | 151018s9999 xx 000 0 und d | ||
| 082 |
_bRBASDV60835 _a891.463 |
||
| 100 | _aशिरीष पै | ||
| 245 | _aनिवडक शिरीष पै | ||
| 250 | _b1 | ||
| 260 |
_bरजत प्रकाशन औरंगाबाद _c2013 |
||
| 300 | _a392 | ||
| 600 | _aशिरीष पै | ||
| 630 | _aनिवडक शिरीष पै | ||
| 700 | _aशिरीष पै | ||
| 730 | _aनिवडक शिरीष पै | ||
| 942 | _cBOOK | ||
| 999 |
_c1054336 _d1054333 |
||